00513nam a22001812 4500001001100000005001700011008004100028020002600069040001500095050001900110100003300129245005800162250001300220260004800233300001800281650002900299852000300328000000590020151217154356.0070809s xx 000 0 eng d a9966200703 :cKES 690 aKABUcKABU 0aHV6625.5b.M951 aMwiti, Gladys K.@000015717810aChild abuse :bdetection, prevention and counselling. arev. ed. aNairobi :bEvangel Publishing House,c2006. axviii, 254 p. 0aChild abuse.@00001571791